00299 a2200121 450000100060000008200150000610000150002124500610003625000060009726000350010330000200013850000190015892033 a153.69 BOR aJames Borg aBody Language: How to know what's Really Being said, 2e a2 aIndiabPearson Publisherc2011 axxvii,247p.bPb aReference book